000
00340 a2200169 4500
001
186465
020
_a
85-08-04719-3
040
_c
Magnum
100
_a
Rocha, Ruth
240
1
0
_a
Borba, o gato
_l
por
245
1
0
_a
Borba, o gato
300
_a
40
362
0
_a
2003
440
1
_a
Ática
697
_a
LITERATURA INFANTIL
942
_c
BK
999
_c
186465
_d
186465